| 000 | 00872nam a22002897a 4500 | ||
|---|---|---|---|
| 001 | BR9510600 | ||
| 003 | BR-BrBNA | ||
| 005 | 20230928095135.0 | ||
| 007 | ta | ||
| 008 | 230509b bl.||||| |||| 00| 0 por d | ||
| 040 |
_aBR-BrBNA _bpor _cBiblioteca Nacional de Agricultura |
||
| 041 | _a(Eng, Por) | ||
| 072 |
_aK10; H20 _b2480 |
||
| 090 | _ 2480 BR9510600 | ||
| 110 | 1 |
_aSuperintendencia da Borracha, Brasilia, DF (Brasil) _910009 |
|
| 111 | 1 |
_a4. Seminario Nacional da Seringueira _cSalvador, BA (Brazil) _d10-16 Jun 1984 |
|
| 245 | 1 | _a4. Seminario Nacional da Seringueira. Resumos dos trabalhos | |
| 260 | 3 |
_aBrasilia, DF (Brasil): _c1984. |
|
| 300 | _a238 p. | ||
| 500 | _aSummary only | ||
| 650 | _aSeringueira | ||
| 650 | _aDoenca de Planta | ||
| 650 | _aAdubacao | ||
| 650 | _aGenetica Vegetal | ||
| 909 |
_a202309 _bLucia _c55 _dLucia Elande |
||
| 942 | _cBK | ||
| 999 |
_c54763 _d54763 |
||